Vyhodnocovanie používateľského zážitku analýzou pohľadu a emócií
Guardado en:
| Autor principal: | |
|---|---|
| Otros Autores: | |
| Formato: | Manuscrito Libro |
| Lenguaje: | eslovaco |
| Publicado: |
2016
|
| Materias: | |
| Acceso en línea: | http://is.stuba.sk/zp/portal_zp.pl?podrobnosti=106358 |
| Etiquetas: |
Sin Etiquetas, Sea el primero en etiquetar este registro!
|
MARC
| LEADER | 00000ntm a22000003a 4500 | ||
|---|---|---|---|
| 001 | stuzp59114 | ||
| 003 | SK-STU | ||
| 005 | 20160719155752.5 | ||
| 007 | ta | ||
| 008 | 150427s2015----xo-----f-mn---000-0-slo-d | ||
| 040 | |a STU |b slo | ||
| 041 | 0 | |a slo | |
| 100 | 1 | |a Dragúňová, Mária |u 070200 |4 aut |U FIIT Fakulta informatiky a informačných technológií |T FIIT Ústav informatiky, informačných systémov a softvérového inžinierstva |X 72055 |U I200 |Y 179 |7 72055 | |
| 242 | 0 | 1 | |a Evaluation of User Experience by Eye Tracking and Emotion Analysis |y eng |
| 245 | 1 | 0 | |a Vyhodnocovanie používateľského zážitku analýzou pohľadu a emócií |
| 260 | |c 2016 | ||
| 650 | 4 | |a používateľský zážitok |2 slo | |
| 650 | 4 | |a vizuálne hľadanie |2 slo | |
| 650 | 4 | |a nájditeľnosť |2 slo | |
| 650 | 4 | |a sledovač pohľadu |2 slo | |
| 650 | 4 | |a user experience |2 eng | |
| 650 | 4 | |a visual search |2 eng | |
| 650 | 4 | |a findability |2 eng | |
| 650 | 4 | |a eye tracking |2 eng | |
| 700 | 1 | |a Bieliková, Mária |u 070200 |k Z1 |4 ths |U FIIT Fakulta informatiky a informačných technológií |T FIIT Ústav informatiky, informačných systémov a softvérového inžinierstva |X 1871 |U I200 |Y 179 |7 A000001871 | |
| 856 | 4 | |u http://is.stuba.sk/zp/portal_zp.pl?podrobnosti=106358 | |
| 996 | |b 8135 |c I* BAP 116/2016 |l II680 |s P |a 0 |w stuzp59114_0001 | ||
| SQL | |a stuzp59114 |b DBP |c SLO |d Vyhodnocovanie používateľského zážitku analýzou pohľadu a emócií |e 72055 |f Dragúňová, Mária |g 070200 |h 1871 |i Bieliková, Mária |j 20160622 |k 202 |l 07 |m http://is.stuba.sk/zp/portal_zp.pl?podrobnosti=106358 |n B-INFO |o 9.2.1. informatika | ||